000 00688nam a2200205Ia 4500
003 GCL
008 140319s9999 xx 000 0 ara d
040 _aGCL /
_cGCL
082 0 4 _a621.8
_bج ر
100 1 _aعبدالحميد جمعة
245 1 0 _aرسم وانشاء الماكينات: التركيبات الكهربائية والميكانيكية /
_cعبدالحميد جمعة
260 _a[S.N] :
_bدار الراتب الجامعية ،
_c1987
300 _a331 ص
490 _a
650 0 4 _aالهندسة الميكانيكية
650 0 4 _aالرسم الهندسى
650 0 4 _aالالات
650 0 4 _aالرسم الميكانيكى
942 _2ddc
_cBK
999 _c53698
_d53698